Регионална библиотека "Любен Каравелов" - Русе

Ценности и културни практики в България (Запис номер 130972)

MARC детайли
000 -Лидер
Контролно поле с фиксирана дължина 01850nam a2200433 c 4500
003 - Код на организацията, давaща контролен номер
Контролно поле BLK
005 - Дата и час на последна редакция
Контролно поле 20191114135954.0
008 - Елементи от данни с фиксирана дължина
fixed length control field 180409b bul|||||r ||||||| ||bul||
010 ## - Наследен системен номер
LC control number KNG00136771000
020 ## - Международен стандартен номер на книга ISBN
Международен стандартен номер на книга ISBN 978-954-327-074-3
-- издат.: Класика и Стил
040 ## - Източник на каталожния запис
Идентификатор на билиотеката - собственик на записа BLK
041 ## - Код за език
Код за езика на текст/звукозапис или на отделно заглавие Български
Код за езика КДБФ Български
072 #7 - Код за тематичната категория
Код организация bullib
Код за тематична категория Н6201
Текст Мениджмънт Н
080 ## - УДК
Текстов определител УДК Теория и практика на организацията
УДК код - определител по УДК 005.1
УДК определител
УДК - код + определител 005.1
080 ## - УДК
Текстов определител УДК Научно управление на обществото. Социални процеси. Социални отношения.
УДК код - определител по УДК 316.43/.47
УДК определител
УДК - код + определител 316.43/.47
080 ## - УДК
Текстов определител УДК Етика на бизнеса. Успех
УДК код - определител по УДК 174.4
УДК определител
УДК - код + определител 174.4
100 1# - Редна дума - Автор
Автор Карабельова, Соня Методиева
Авторска отговорност първи автор
R(LIN) 76282
139 ## - Редно поле
Редна дума Карабельова, Соня Методиева
Авторски знак Кара - К 28
245 10 - Сведения за заглавието
Заглавие Ценности и културни практики в България
Редно поле (дума) Соня Методиева Карабельова.
257 ## - Страна на издаване
Страна на създаване/издаване България
260 ## - Област на издателските данни
-- София
Име на издателя, разпространителя и проч. Класика и Стил
Година на издаване 2011
Печатница В. Търново : Абагар
300 ## - Физическа характеристика
Страници 344 с.
Илюстрации и др. с табл., сх., диагр.
Размери/Мащаб 22 см
380 ## - Жанр
Жанр Техника
490 1# - СЕРИИ (Колекции)
Име на серия Достъпно бизнес познание
500 ## - Общи забележки
Забележка Библиогр. с. 331-341 и под линия. - Азб. показалец.
650 #4 - Допълнително описание по предмет – тема
Основно описание – тема или топоним Организационна култура
9 (RLIN) 291604
650 #4 - Допълнително описание по предмет – тема
Основно описание – тема или топоним Лидерство
9 (RLIN) 160414
650 #4 - Допълнително описание по предмет – тема
Основно описание – тема или топоним Успех
9 (RLIN) 174913
653 ## - Ключова дума – ненормативна
Ключова дума организационна култура
653 ## - Ключова дума – ненормативна
Ключова дума лидерство
653 ## - Ключова дума – ненормативна
Ключова дума успех
653 ## - Ключова дума – ненормативна
Ключова дума етика
659 ## - Тематичен бюлетин
Тематичен бюлетин Н
852 ## - Местоположение
Форматна сигнатура Цб 257275
856 4# - Електронен адрес и достъп
Електронен формат pdf - файл
Път до файла /url/
856 4# - Електронен адрес и достъп
Електронен формат pdf - файл
Път до файла /url/
942 ## - АРТИКУЛИ
Вид на библиотечния материал Книги
Скрит в OPAC Не
Koha issues (borrowed), all copies 1
944 ## - СЪЗДАВАНЕ И РЕДАКЦИЯ на ЗАПИСА
Създаване/Редакция Създаване
Дата на регистрацията/редакция 04.12.2012
Статус, дата на статуса ф /
Служител, извършил регистрацията/редакцията Пенка_Димитрова
944 ## - СЪЗДАВАНЕ И РЕДАКЦИЯ на ЗАПИСА
Създаване/Редакция Редакция
Дата на регистрацията/редакция 16.07.2013
Статус, дата на статуса ф /
Служител, извършил регистрацията/редакцията
999 ## - СИСТЕМНИ КОНТРОЛНИ НОМЕРА
Koha biblionumber 130972
Koha biblioitemnumber 130972
Наличности
Код за отписване Код за изгубен артикул Източник на класификационната схема Код за повреда Коз за рестрикции Код за отдаване Артикулен № Име на библиотеката - собственик Име на библиотеката, в която се намира в момента Статус (Текущо местоположение) Дата на вписване в системата Местоположение - отдел Цена в лева Инвентарен номер Систематично азбучна сигнатура Баркод Номер на екземпляра Цена в евро Служебна бележка Служебен тип на артикула
  Не е изгубен Universal Decimal Classification Не е повреден без рестрикции ползва се в читалня 213447 Регионална библиотека "Любен Каравелов" Русе Регионална библиотека "Любен Каравелов" Русе Читалня 2012-11-27 Читалня 18.00 120000761754 Ч 005/К 28 120000761754 1 9.20 Дост: Pk Вид: Ф N: 323 Дата: 19.11.2012 Дата инв: 23.03.2017 Бележки инв: Ч2017 Книги
  Не е изгубен   Не е повреден без рестрикции ползва се в читалня 213448 Регионална библиотека "Любен Каравелов" Русе Регионална библиотека "Любен Каравелов" Русе Хранилище 2013-07-16 Хранилище 18.00 120000768159 Цб 257275 120000768159 2 9.20 Дост: Dp Вид: Д N: 14 Дата: 02.04.2012 Книги
Vip Innovations Ltd, Rousse, Bulgaria 2025